Statistics for Countries By Their Former Name #7

Click here to take the quiz!

General Stats

  • This quiz has been taken 99 times
  • The average score is 10 of 12

Answer Stats

Former NamePresent Day Name% Correct
BelorussiaBelarus
100%
Land of San MarinoSan Marino
98%
Principality of AlbaniaAlbania
97%
DanmǫrkDenmark
97%
Ager VaticanusVatican City
97%
Estado de VenezuelaVenezuela
97%
Central African EmpireCentral African Republic
96%
Dai NamVietnam
87%
East BengalBangladesh
86%
Dutch GuianaSuriname
84%
VitaliaItaly
65%
Pleasant IslandNauru
34%

Score Distribution

Percentile by Number Answered

Percent of People with Each Score

Your Score History

You have not taken this quiz